Melos-Étos '93

Bibliographic Details
Format: Article
Language:Slovak
Subjects:

MARC

LEADER 00000nab a2200000 a 4500
001 vtls000500699
003 SK-MaSNL
005 20260303020320.0
008 120927c1993 xo 0 slo
015 |a SNBRB19rr/mm-uuuuu 
035 |a CL0500837 
040 |a SNKBUCL  |b slo  |c SNKBUCL  |e AACR2 
041 0 |a slo 
044 |a xo  |c SK 
080 |a 78.091.4:782/785:78.036  |2 1981 
080 |a 782/785  |2 1981 
080 |a 78.036  |2 1981 
245 0 0 |a Melos-Étos '93 
650 0 7 |a hudba súčasná  |2 snkbucl  |9 898239 
650 0 7 |a Melos Étos 1993, Bratislava  |2 snkbucl  |9 980658 
651 7 |a 5100  |2 snkbucl  |9 166206 
655 7 |a články z novín a časopisov  |2 snkbucl  |9 267496 
773 0 |t Smena  |g Roč. 46, č. 272 (20. 11. 1993), s. 5 
850 |a Slovenská národná knižnica v Martine  |a MTA001 
852 |a SNK  |b KIS3GCP 
958 |a RK 
992 |a RBX 
999 |c 1617613  |d 1619543